[Event "wc"]
[Site "Krasnaya Polyana (Sochi) RUS"]
[Date "2021.07.14"]
[EventDate "2021.07.12"]
[Round "1.5"]
[Result "0-1"]
[White "Momchil Nikolov"]
[Black "Perez Ponsa, Federico"]
[WhiteElo "2547"]
[BlackElo "2554"]
[PlyCount "58"]

1. d4 Nf6 2. c4 e6 3. Nc3 Bb4 4. Qc2 b6 5. a3 Bxc3+ 6. Qxc3 Bb7 7. Nf3 O-O 8. g3
c5 9. dxc5 bxc5 10. Bg2 a5 11. b3 d6 12. O-O Nbd7 13. Bb2 Qb6 14. Rfd1 Rab8 15.
Nd2 Bxg2 16. Kxg2 a4 17. Rab1 axb3 18. Ba1 d5 19. Rxb3 Qa6 20. e3 d4 21. exd4
cxd4 22. Qxd4 Rxb3 23. Nxb3 Qb7+ 24. Kg1 Qxb3 25. Rd3 Qb6 26. Qc3 Nc5 27. Rf3
Qb1+ 28. Kg2 Qe4 29. Qb4 Nd3 0-1

[Event "wc"]
[Site "Krasnaya Polyana (Sochi) RUS"]
[Date "2021.07.14"]
[EventDate "2021.07.12"]
[Round "1.6"]
[Result "1-0"]
[White "Delgado Ramirez, Neuris"]
[Black "Niaz Murshed"]
[WhiteElo "2622"]
[BlackElo "2404"]
[PlyCount "42"]

1. e4 d6 2. d4 Nf6 3. Nc3 e5 4. Nf3 Nbd7 5. Rg1 exd4 6. Nxd4 Nc5 7. Qe2 Qe7 8.
f3 g6 9. Bg5 c6 10. O-O-O Bg7 11. g4 Ne6 12. Be3 h5 13. Nf5 gxf5 14. gxf5 Bf8
15. fxe6 Bxe6 16. Bg5 O-O-O 17. Qe3 a6 18. Qa7 Rg8 19. Bxf6 Bh6+ 20. Kb1 Qxf6
21. Rxg8 1-0

[Event "wc"]
[Site "Krasnaya Polyana (Sochi) RUS"]
[Date "2021.07.14"]
[EventDate "2021.07.12"]
[Round "1.6"]
[Result "0-1"]
[White "Jingyao Tin"]
[Black "Timur Gareyev"]
[WhiteElo "2482"]
[BlackElo "2596"]
[PlyCount "104"]

1. d4 Nf6 2. c4 g6 3. Nc3 d5 4. Nf3 Bg7 5. Qb3 c5 6. cxd5 cxd4 7. Qa4+ Nbd7 8.
Qxd4 O-O 9. e4 Nb6 10. Qd3 e6 11. d6 e5 12. Be3 Ng4 13. Bg5 f6 14. Bd2 Be6 15.
b3 Rc8 16. Rd1 Rc6 17. Nb5 f5 18. Be2 fxe4 19. Qxe4 Bf5 20. Qb4 a6 21. Bg5 Qb8
22. Nc7 a5 23. Qxa5 e4 24. O-O Bc3 25. Qb5 Bd7 26. Nd4 Bxd4 27. Rxd4 Rf5 28. Nd5
Nxd5 29. Bxg4 Rxd6 30. Qc4 Rxg5 31. Bxd7 Rxd7 32. Rfd1 Qd6 33. Rxe4 Kg7 34. h4
Re5 35. Red4 h5 36. a4 Qe6 37. a5 Re1+ 38. Rxe1 Qxe1+ 39. Kh2 Qxa5 40. g3 Qd8
41. Qc5 Nf6 42. Rf4 Qe7 43. Qc3 Rc7 44. Qd4 Rd7 45. Qb2 Qe6 46. b4 Rf7 47. Kg1
Kh7 48. Qd4 Ng4 49. Re4 Qf6 50. Qxf6 Rxf6 51. Re7+ Kh6 52. Rxb7 Rxf2 0-1

[Event "wc"]
[Site "Krasnaya Polyana (Sochi) RUS"]
[Date "2021.07.14"]
[EventDate "2021.07.12"]
[Round "1.6"]
[Result "1/2-1/2"]
[White "Jergus Pechac"]
[Black "Alexandr Fier"]
[WhiteElo "2523"]
[BlackElo "2569"]
[PlyCount "82"]

1. Nf3 d5 2. d4 Nf6 3. Bf4 e6 4. e3 Bd6 5. Bg3 b6 6. c4 O-O 7. cxd5 exd5 8. Nc3
c6 9. Bd3 Re8 10. Qc2 Ba6 11. Bxa6 Nxa6 12. Qa4 Nb4 13. O-O b5 14. Qd1 Bxg3 15.
hxg3 Ng4 16. Rc1 Na6 17. a4 bxa4 18. Nxa4 Nb4 19. Nc5 a5 20. Qd2 Rb8 21. Ra1 Rb5
22. Rfc1 h5 23. Na4 Re7 24. Nc3 Rb8 25. Ra3 Ra7 26. Ne2 g6 27. Qc3 Rab7 28. Rca1
Rb5 29. Qc1 Kg7 30. Nc3 Nd3 31. Qc2 Ndxf2 32. Nxb5 Rxb5 33. Qxc6 Qb8 34. Ne5
Rxb2 35. Rf1 Rb1 36. Qa6 Qb2 37. Nxg4 Nxg4 38. Rxb1 Qf2+ 39. Kh1 Qxg3 40. Kg1
Qf2+ 41. Kh1 Qh4+ 1/2-1/2

[Event "wc"]
[Site "Krasnaya Polyana (Sochi) RUS"]
[Date "2021.07.14"]
[EventDate "2021.07.12"]
[Round "1.6"]
[Result "1/2-1/2"]
[White "Perez Ponsa, Federico"]
[Black "Momchil Nikolov"]
[WhiteElo "2554"]
[BlackElo "2547"]
[PlyCount "76"]

1. e4 c5 2. Nf3 Nc6 3. Bb5 g6 4. O-O Bg7 5. Re1 Nf6 6. e5 Nd5 7. Nc3 Nc7 8. Bxc6
dxc6 9. Ne4 Ne6 10. d3 b6 11. Be3 O-O 12. Qd2 Re8 13. Bh6 Bh8 14. a3 Nd4 15.
Neg5 Nf5 16. Ne4 Nxh6 17. Qxh6 Bg7 18. Qf4 h6 19. b4 cxb4 20. axb4 Be6 21. Qe3
Qc7 22. h3 Kh7 23. Nc3 c5 24. bxc5 bxc5 25. Ra6 Bc8 26. Ra4 a5 27. Rc4 Be6 28.
Rxc5 Qd7 29. Ra1 a4 30. Qd4 Qb7 31. Rb5 Qc6 32. Rc5 Qb7 33. Rb5 Qa7 34. Rxa4 Qc7
35. Rc5 Qb7 36. Rb5 Qc7 37. Rc5 Qb7 38. Rb5 1/2-1/2

[Event "FIDE World Cup 2021"]
[Site "Krasnaya Polyana (Sochi) RUS"]
[Date "2021.07.14"]
[EventDate "2021.07.12"]
[Round "1.8"]
[Result "1-0"]
[White "Delgado Ramirez, Neuris"]
[Black "Niaz Murshed"]
[WhiteElo "2622"]
[BlackElo "2404"]
[PlyCount "46"]

1. e4 d6 2. d4 Nd7 3. Nc3 e5 4. Nf3 Ngf6 5. Rg1 c6 6. g4 h6 7. h4 g6 8. Be3
h5 9. gxh5 Nxh5 10. Qd2 Be7 11. O-O-O Qa5 12. Bc4 b5 13. Bb3 b4 14. Ne2 Qc7
15. Bg5 Bf8 16. c3 bxc3 17. Nxc3 Bg7 18. Kb1 exd4 19. Nxd4 Nc5 20. Ndb5
cxb5 21. Nxb5 Qb6 22. Nxd6+ Kf8 23. Qd5 1-0

[Event "FIDE World Cup 2021"]
[Site "Krasnaya Polyana (Sochi) RUS"]
[Date "2021.07.14"]
[EventDate "?"]
[Round "1.7"]
[Result "0-1"]
[White "Niaz Murshed"]
[Black "Delgado Ramirez, Neuris"]
[WhiteElo "2404"]
[BlackElo "2622"]
[PlyCount "74"]

1. d4 Nf6 2. c4 e6 3. Nf3 b6 4. g3 Bb7 5. Bg2 g6 6. O-O Bg7 7. Nc3 Ne4 8. Bd2 O-O 9. Rc1 Nxd2 10. Qxd2 d6 11. Rfd1 Nd7 12. e4 Qe7 13. Qe3 a6 14. e5 Bxf3 15. Bxf3 dxe5 16. Bxa8 exd4 17. Qf3 dxc3 18. bxc3 Ne5 19. Qg2 Nxc4 20. Bc6 Qc5 21. Be4 h5 22. Bb1 Bh6 23. Rc2 Na3 24. Re2 Nxb1 25. Rxb1 Qxc3 26. Rd1 Bg7 27. Qe4 c5 28. Qc6 b5 29. Qxa6 b4 30. Qa4 Qf3 31. Re3 Qf5 32. Qb3 Bd4 33. Re2 Ra8 34. Qc4 h4 35. Qd3 Qd5 36. g4 Ra3 37. Qe4 Bxf2+ 0-1

[Event "FIDE World Cup 2021"]
[Site "Krasnaya Polyana (Sochi) RUS"]
[Date "2021.07.15"]
[EventDate "2021.07.12"]
[Round "2.1"]
[Result "0-1"]
[White "Sasa Martinovic"]
[Black "Magnus Carlsen"]
[WhiteElo "2548"]
[BlackElo "2847"]
[PlyCount "68"]

1. d4 Nf6 2. c4 g6 3. Nc3 d5 4. cxd5 Nxd5 5. Bd2 c5 6. Rc1 Nc6 7. dxc5 Bg7
8. e4 Ndb4 9. Nf3 O-O 10. a3 Nd3+ 11. Bxd3 Qxd3 12. Qe2 Qxe2+ 13. Kxe2 Be6
14. Nd5 Bxb2 15. Rc2 Bxa3 16. Ra1 f5 17. Rxa3 fxe4 18. Nxe7+ Nxe7 19. Nd4
Bd7 20. Rb2 Nc6 21. Be3 Nxd4+ 22. Bxd4 Bc6 23. Rba2 a6 24. Ke3 Rad8 25. Rd2
Rd5 26. Ke2 Rfd8 27. Be3 Rd3 28. Ra1 Kf7 29. g3 Rxd2+ 30. Bxd2 Bb5+ 31. Ke1
Rd3 32. Rb1 Ke6 33. Rb4 Bc6 34. Rb2 Kd5 0-1

[Event "FIDE World Cup 2021"]
[Site "Krasnaya Polyana (Sochi) RUS"]
[Date "2021.07.15"]
[EventDate "2021.07.12"]
[Round "2.1"]
[Result "1-0"]
[White "Fabiano Caruana"]
[Black "Susanto Megaranto"]
[WhiteElo "2806"]
[BlackElo "2550"]
[PlyCount "30"]

1. e4 e5 2. Nf3 Nc6 3. Bc4 Nf6 4. d3 h6 5. c3 d6 6. Nbd2 g6 7. Nf1 Bg7 8.
Ng3 Qe7 9. O-O O-O 10. h3 Na5 11. Bb5 a6 12. Ba4 b5 13. Bc2 c5 14. d4 cxd4
15. cxd4 Bd7 1-0

[Event "FIDE World Cup 2021"]
[Site "Krasnaya Polyana (Sochi) RUS"]
[Date "2021.07.15"]
[EventDate "2021.07.12"]
[Round "2.1"]
[Result "1-0"]
[White "Anish Giri"]
[Black "Boris Savchenko"]
[WhiteElo "2776"]
[BlackElo "2553"]
[PlyCount "90"]

1. Nf3 Nf6 2. c4 e6 3. g3 d5 4. d4 c6 5. Bg2 dxc4 6. a4 c5 7. O-O Bd7 8.
dxc5 Bc6 9. Qxd8+ Kxd8 10. Ne5 Bxg2 11. Kxg2 Ke8 12. Na3 Nbd7 13. Nxd7 Nxd7
14. c6 bxc6 15. Nxc4 Bb4 16. Bf4 f6 17. Rfd1 Ke7 18. Rac1 Rhd8 19. b3 Nf8
20. Rxd8 Kxd8 21. e4 Nd7 22. h4 h5 23. Kf3 Ke7 24. Ke2 Rc8 25. e5 Nb8 26.
Be3 Rc7 27. f3 Nd7 28. exf6+ gxf6 29. g4 hxg4 30. fxg4 Bc5 31. Bd2 e5 32.
Na5 Kd6 33. h5 Kd5 34. h6 Nf8 35. b4 Bd6 36. Nc4 Ne6 37. Kd3 e4+ 38. Kc3 c5
39. b5 Bf4 40. Rd1 Bxd2+ 41. Rxd2+ Nd4 42. Rh2 Rh7 43. Rh5+ f5 44. Ne3+ Ke5
45. Kc4 1-0

[Event "FIDE World Cup 2021"]
[Site "Krasnaya Polyana (Sochi) RUS"]
[Date "2021.07.15"]
[EventDate "2021.07.12"]
[Round "2.1"]
[Result "1/2-1/2"]
[White "Perez Ponsa, Federico"]
[Black "Alexander Grischuk"]
[WhiteElo "2554"]
[BlackElo "2778"]
[PlyCount "62"]

1. d4 Nf6 2. c4 e6 3. Nc3 d5 4. cxd5 exd5 5. Bg5 c6 6. e3 Bf5 7. Qf3 Bg6 8.
Bxf6 Qxf6 9. Qxf6 gxf6 10. Nf3 Nd7 11. Nh4 Be7 12. Ne2 Bb4+ 13. Kd1 a5 14.
Ng3 a4 15. a3 Bf8 16. Ngf5 Nb6 17. Rc1 Ra5 18. Bd3 Nc4 19. Rc2 Nd6 20. Ke2
Nxf5 21. Nxf5 Kd7 22. h3 Bd6 23. g4 h5 24. Rcc1 Bxf5 25. Bxf5+ Ke7 26. Bd3
h4 27. Rc2 Kd7 28. Bf5+ Kc7 29. Bd3 Kd7 30. Bf5+ Kc7 31. Bd3 Kd7 1/2-1/2

[Event "FIDE World Cup 2021"]
[Site "Krasnaya Polyana (Sochi) RUS"]
[Date "2021.07.15"]
[EventDate "2021.07.12"]
[Round "2.1"]
[Result "1/2-1/2"]
[White "Shakhriyar Mamedyarov"]
[Black "Krikor Sevag Mekhitarian"]
[WhiteElo "2782"]
[BlackElo "2554"]
[PlyCount "82"]

1. d4 Nf6 2. c4 e6 3. Nf3 d5 4. Nc3 Bb4 5. Bg5 dxc4 6. e4 h6 7. Bxf6 Qxf6
8. Bxc4 c5 9. e5 Qd8 10. O-O cxd4 11. Ne4 O-O 12. Qe2 Be7 13. Ng3 Bd7 14.
Rad1 Qc7 15. Bd3 Bc6 16. Nxd4 Rd8 17. Bb1 Nd7 18. f4 Bc5 19. Kh1 Bxd4 20.
Rxd4 Nf8 21. Rfd1 Rxd4 22. Rxd4 Rd8 23. Rxd8 Qxd8 24. Be4 Bxe4 25. Nxe4 Qd4
26. g3 Nd7 27. b3 Nc5 28. Nf2 Kf8 29. Kg2 Ke7 30. h4 g6 31. h5 gxh5 32.
Qxh5 Ne4 33. Nxe4 Qxe4+ 34. Qf3 Qc2+ 35. Qf2 Qe4+ 36. Kh2 b6 37. Qg2 Qd3
38. Kh3 Qf5+ 39. Kh4 Qb1 40. g4 Kf8 41. Qf2 1/2-1/2

[Event "FIDE World Cup 2021"]
[Site "Krasnaya Polyana (Sochi) RUS"]
[Date "2021.07.15"]
[EventDate "2021.07.12"]
[Round "2.1"]
[Result "1/2-1/2"]
[White "Elshan Moradiabadi"]
[Black "Vachier-Lagrave, Maxime"]
[WhiteElo "2553"]
[BlackElo "2749"]
[PlyCount "138"]

1. e4 c5 2. Nf3 d6 3. d4 cxd4 4. Nxd4 Nf6 5. Nc3 Nc6 6. Bg5 e6 7. Qd2 a6 8.
O-O-O Bd7 9. f3 Nxd4 10. Qxd4 Be7 11. h4 h6 12. Be3 h5 13. Kb1 b5 14. Qd2
Qc7 15. Bd3 Rb8 16. Ne2 e5 17. Bg5 b4 18. Rc1 Be6 19. c4 Nd7 20. Be3 Nc5
21. Ng3 g6 22. Nf1 Nxd3 23. Qxd3 f5 24. Nd2 f4 25. Bf2 a5 26. g3 fxg3 27.
Bxg3 O-O 28. Bf2 a4 29. Be3 Kh7 30. Qe2 Bf6 31. Qg2 Qf7 32. Bg5 Bg7 33. Qe2
Rfc8 34. Qd3 Rc6 35. Rhf1 Rbc8 36. b3 Ra8 37. Kc2 d5 38. exd5 Bxd5 39. Kd1
Be6 40. Ne4 axb3 41. axb3 Bf5 42. Rf2 Rc7 43. Rd2 Rd7 44. Qe3 Rd4 45. Nd6
Qf8 46. Nxf5 Qxf5 47. Rxd4 exd4 48. Qe4 Qf8 49. c5 Re8 50. Qd3 Bf6 51. Bd2
Bxh4 52. c6 Qf7 53. Rc4 Bf2 54. Rxb4 Re7 55. Bg5 Ra7 56. Qe4 h4 57. Bxh4
Be3 58. Ke2 Qc7 59. Rb7 Rxb7 60. cxb7 Qh2+ 61. Kd3 Qd2+ 62. Kc4 Qc3+ 63.
Kb5 Qxb3+ 64. Kc6 Qc4+ 65. Kd7 Qb5+ 66. Qc6 Qf5+ 67. Qe6 Qb5+ 68. Qc6 Qf5+
69. Ke8 Qe5+ 1/2-1/2

[Event "FIDE World Cup 2021"]
[Site "Krasnaya Polyana (Sochi) RUS"]
[Date "2021.07.15"]
[EventDate "2021.07.12"]
[Round "2.1"]
[Result "1/2-1/2"]
[White "Jakhongir Vakhidov"]
[Black "Dominguez Perez, Leinier"]
[WhiteElo "2534"]
[BlackElo "2758"]
[PlyCount "112"]

1. c4 c5 2. g3 g6 3. Bg2 Bg7 4. Nc3 Nc6 5. Nf3 d6 6. O-O Rb8 7. a3 Nf6 8.
d4 cxd4 9. Nxd4 Bd7 10. c5 dxc5 11. Nxc6 Bxc6 12. Bxc6+ bxc6 13. Qc2 O-O
14. Na4 Qc8 15. Be3 Qh3 16. f3 Rb5 17. Rad1 Nd7 18. Qe4 Nb6 19. Qxc6 Rb3
20. Rd3 Rc8 21. Qe4 Rxd3 22. exd3 Nxa4 23. Qxa4 Bxb2 24. Qxa7 Qf5 25. Qa6
Bd4 26. Bxd4 cxd4 27. Qb7 Qe6 28. Qe4 Qd6 29. a4 Qb4 30. Qe1 Rc3 31. a5
Qxa5 32. Qxe7 Rxd3 33. Qe8+ Kg7 34. Qe4 Rd2 35. f4 Qh5 36. Rf2 Qd1+ 37. Rf1
Qh5 38. Rf2 Qd1+ 39. Rf1 Qe2 40. Qxe2 Rxe2 41. Rd1 Re4 42. Kf2 f5 43. Ra1
Kf6 44. Ra6+ Ke7 45. h4 d3 46. Ra3 Rd4 47. Ke1 d2+ 48. Kd1 Kf7 49. Ra7+ Kg8
50. h5 Rd3 51. h6 Rxg3 52. Rg7+ Kf8 53. Rxh7 Rg4 54. Rg7 Rxf4 55. Rxg6 Kf7
56. Rg5 1/2-1/2

[Event "FIDE World Cup 2021"]
[Site "Krasnaya Polyana (Sochi) RUS"]
[Date "2021.07.15"]
[EventDate "2021.07.12"]
[Round "2.1"]
[Result "1-0"]
[White "Sergey Karjakin"]
[Black "Shamsiddin Vokhidov"]
[WhiteElo "2757"]
[BlackElo "2530"]
[PlyCount "100"]

1. e4 c5 2. Nf3 d6 3. d4 cxd4 4. Nxd4 Nf6 5. Nc3 Nc6 6. Bg5 e6 7. Qd2 a6 8.
O-O-O Bd7 9. f3 Nxd4 10. Qxd4 h6 11. Bd2 Qc7 12. Bd3 Qc5 13. Qxc5 dxc5 14.
a4 b5 15. axb5 axb5 16. b3 Rb8 17. Bf4 Rb7 18. Be2 Bc6 19. Kd2 Be7 20. Ra1
O-O 21. Ra6 Rd8+ 22. Kc1 Rc8 23. Rd1 Kf8 24. Ra5 c4 25. bxc4 bxc4 26. Bd6
Be8 27. e5 Bxd6 28. Rxd6 Nd7 29. f4 Rb4 30. g3 Nb6 31. Kd2 Rb8 32. h4 Nc8
33. Rd8 Ne7 34. Rxb8 Rxb8 35. Bxc4 Nf5 36. Ne2 Bc6 37. Bd3 g6 38. Bxf5 gxf5
39. Nd4 Be4 40. Nb5 Rc8 41. Ra2 Rc5 42. Nd6 f6 43. Nxe4 fxe4 44. exf6 e5
45. fxe5 Rxe5 46. Ke3 Kf7 47. c4 Kxf6 48. Rf2+ Ke6 49. Rf4 Ra5 50. Rxe4+
1-0

[Event "FIDE World Cup 2021"]
[Site "Krasnaya Polyana (Sochi) RUS"]
[Date "2021.07.15"]
[EventDate "2021.07.12"]
[Round "2.1"]
[Result "1/2-1/2"]
[White "Quesada Perez, Yasser"]
[Black "Pentala Harikrishna"]
[WhiteElo "2565"]
[BlackElo "2730"]
[PlyCount "64"]

1. e4 c6 2. Nc3 d5 3. Nf3 Bg4 4. h3 Bxf3 5. Qxf3 e6 6. d3 Nd7 7. a3 g6 8.
g3 h5 9. h4 Bh6 10. Qe2 Qb6 11. Bxh6 Nxh6 12. O-O-O O-O-O 13. d4 Nf6 14.
Bh3 dxe4 15. Nxe4 Nxe4 16. Qxe4 Nf5 17. Bxf5 gxf5 18. Qe3 Rhg8 19. Rd3 Rg4
20. f4 Rgg8 21. b3 Rd7 22. Kb2 Rgd8 23. Rhd1 a5 24. a4 Kb8 25. Qe2 Ka7 26.
Qxh5 Rxd4 27. Qf3 R4d5 28. c4 Rxd3 29. Rxd3 Rxd3 30. Qxd3 Qf2+ 31. Kc1 Qe1+
32. Kc2 1/2-1/2

[Event "FIDE World Cup 2021"]
[Site "Krasnaya Polyana (Sochi) RUS"]
[Date "2021.07.15"]
[EventDate "2021.07.12"]
[Round "2.1"]
[Result "1/2-1/2"]
[White "Alexandr Fier"]
[Black "Santosh Gujrathi Vidit"]
[WhiteElo "2569"]
[BlackElo "2726"]
[PlyCount "62"]

1. e4 e5 2. Nf3 Nf6 3. d4 Nxe4 4. Bd3 d5 5. Nxe5 Nd7 6. Nc3 Nxe5 7. dxe5
Nxc3 8. bxc3 Bc5 9. O-O O-O 10. Qh5 g6 11. Qh6 Re8 12. Bg5 Bf8 13. Bxd8
Bxh6 14. Bxc7 Bf5 15. Rab1 Rac8 16. Bb5 Re6 17. Bd6 Rxc3 18. Bd7 Rxd6 19.
exd6 Bxd7 20. Rxb7 Be6 21. d7 Bg5 22. Rb8+ Kg7 23. d8=Q Bxd8 24. Rxd8 Rxc2
25. Ra1 a5 26. Ra8 d4 27. Rd1 Rxa2 28. f3 a4 29. Rxd4 Ra1+ 30. Kf2 a3 31.
Rda4 1/2-1/2

[Event "FIDE World Cup 2021"]
[Site "Krasnaya Polyana (Sochi) RUS"]
[Date "2021.07.15"]
[EventDate "2021.07.12"]
[Round "2.1"]
[Result "1-0"]
[White "Dmitry Andreikin"]
[Black "Emre Can"]
[WhiteElo "2724"]
[BlackElo "2569"]
[PlyCount "50"]

1. Nf3 d5 2. e3 Nf6 3. c4 e6 4. Nc3 dxc4 5. Bxc4 a6 6. a4 b6 7. O-O Bb7 8.
Qe2 Bb4 9. d3 O-O 10. e4 Nc6 11. Be3 Na5 12. Ba2 c5 13. Bg5 Qc7 14. Nh4 Nd7
15. Qg4 Kh8 16. f4 c4 17. f5 exf5 18. Rxf5 Ne5 19. Qg3 f6 20. Bf4 Qd7 21.
Bxe5 fxe5 22. Ng6+ Kg8 23. Nxf8 Bxf8 24. Raf1 Re8 25. Kh1 1-0

[Event "FIDE World Cup 2021"]
[Site "Krasnaya Polyana (Sochi) RUS"]
[Date "2021.07.15"]
[EventDate "2021.07.12"]
[Round "2.1"]
[Result "1/2-1/2"]
[White "Vojtech Plat"]
[Black "Nikita Vitiugov"]
[WhiteElo "2525"]
[BlackElo "2724"]
[PlyCount "76"]

1. c4 e5 2. Nc3 Nf6 3. g3 Bb4 4. Bg2 O-O 5. Nf3 Re8 6. O-O e4 7. Nd4 Nc6 8.
Nc2 Bxc3 9. dxc3 h6 10. Ne3 d6 11. b3 a5 12. a4 Ne5 13. Nd5 Bf5 14. Qd4
Ned7 15. Rd1 b6 16. b4 Ne5 17. c5 dxc5 18. bxc5 Nxd5 19. Qxd5 Qxd5 20. Rxd5
Rad8 21. Rxd8 Rxd8 22. Bf4 Rd5 23. cxb6 cxb6 24. Be3 Nc4 25. Bd4 Rd6 26.
Ra2 Re6 27. Bf1 e3 28. Bg2 exf2+ 29. Kxf2 Be4 30. Bxe4 Rxe4 31. e3 f6 32.
Ke2 Re6 33. Kd3 Rc6 34. Ke4 Rd6 35. Kd3 Rc6 36. Ke4 Rd6 37. Kd3 Rc6 38. Ke4
1/2-1/2

[Event "FIDE World Cup 2021"]
[Site "Krasnaya Polyana (Sochi) RUS"]
[Date "2021.07.15"]
[EventDate "2021.07.12"]
[Round "2.1"]
[Result "1/2-1/2"]
[White "Andrey Esipenko"]
[Black "Thai Dai Van Nguyen"]
[WhiteElo "2716"]
[BlackElo "2588"]
[PlyCount "116"]

1. e4 e5 2. Nf3 Nc6 3. Bc4 Bc5 4. c3 Nf6 5. d4 exd4 6. e5 d5 7. Bb5 Ne4 8.
cxd4 Bb6 9. Nc3 O-O 10. Be3 f5 11. exf6 Nxf6 12. Bxc6 bxc6 13. Ne5 Qd6 14.
O-O c5 15. dxc5 Bxc5 16. Bxc5 Qxc5 17. Rc1 Qd6 18. Re1 Ba6 19. Na4 Ne4 20.
Qd4 Rxf2 21. Rxe4 Raf8 22. Ree1 R2f4 23. Qxa7 Qxe5 24. Qxa6 Qd4+ 25. Kh1
Qxa4 26. Qe6+ Kh8 27. Qxd5 R4f5 28. Qb3 Qxb3 29. axb3 Rf2 30. h3 Rxb2 31.
Re3 h5 32. Rxc7 Rf5 33. Rg3 h4 34. Rg4 Rxb3 35. Rc8+ Kh7 36. Rxh4+ Kg6 37.
Rc6+ Kf7 38. Rc7+ Kg8 39. Rg4 Rf7 40. Rc5 Rb6 41. Kh2 Re6 42. h4 Rfe7 43.
Rgg5 Kh7 44. g3 Rg6 45. Rh5+ Rh6 46. Rhf5 Re2+ 47. Kh3 Re3 48. Rc2 Rg6 49.
Rg2 Rge6 50. Rh5+ Rh6 51. Ra5 Rhe6 52. Rb2 Rg6 53. Rh5+ Rh6 54. Rxh6+ Kxh6
55. Kg4 Ra3 56. Rb4 Ra6 57. Rb5 g6 58. Kf4 1/2-1/2

[Event "FIDE World Cup 2021"]
[Site "Krasnaya Polyana (Sochi) RUS"]
[Date "2021.07.15"]
[EventDate "2021.07.12"]
[Round "2.1"]
[Result "1-0"]
[White "Peter Svidler"]
[Black "Salinas Herrera, Pablo"]
[WhiteElo "2714"]
[BlackElo "2514"]
[PlyCount "102"]

1. e4 e5 2. Nf3 Nc6 3. Bb5 a6 4. Ba4 Nf6 5. O-O Bc5 6. c3 b5 7. Bb3 d6 8.
d4 Bb6 9. h3 Bb7 10. Re1 O-O 11. Be3 Na5 12. d5 Bxe3 13. Rxe3 c6 14. dxc6
Bxc6 15. Nbd2 Nxb3 16. axb3 a5 17. Qc2 Qc7 18. Rae1 Bd7 19. Nf1 Be6 20. Ng5
a4 21. Nxe6 fxe6 22. Rd3 Ra6 23. Rd2 Rb8 24. Ne3 axb3 25. Qxb3 Kf7 26. Ng4
Nxg4 27. hxg4 h6 28. Qd1 Kg8 29. g3 b4 30. Re3 Rc6 31. Kg2 bxc3 32. bxc3
Rbb6 33. Red3 Qb8 34. g5 hxg5 35. Qh5 Rc8 36. Qg6 d5 37. Qxg5 Rf8 38. exd5
e4 39. Rd4 Qc8 40. c4 exd5 41. Qxd5+ Kh8 42. Qxe4 Rh6 43. Rd7 Rhf6 44. R7d6
Rf5 45. R6d5 Qc6 46. f3 Qh6 47. Rd8 g6 48. R2d7 Rxd8 49. Rxd8+ Kg7 50. Qe7+
Rf7 51. Qe5+ 1-0

[Event "FIDE World Cup 2021"]
[Site "Krasnaya Polyana (Sochi) RUS"]
[Date "2021.07.15"]
[EventDate "2021.07.12"]
[Round "2.1"]
[Result "1-0"]
[White "Velimir Ivic"]
[Black "Vallejo Pons, Francisco"]
[WhiteElo "2582"]
[BlackElo "2710"]
[PlyCount "62"]

1. e4 e6 2. d4 d5 3. Nc3 Nf6 4. e5 Nfd7 5. f4 c5 6. Nf3 Nc6 7. Be3 a6 8.
Ne2 Qb6 9. Qc1 Be7 10. c3 f6 11. h4 O-O 12. h5 Qa5 13. h6 g6 14. Kf2 cxd4
15. cxd4 fxe5 16. fxe5 Ndxe5 17. dxe5 Nxe5 18. Kg1 Ng4 19. Bd4 Bd7 20. Qe1
Qd8 21. Qg3 e5 22. Nxe5 Bd6 23. Qb3 Bxe5 24. Bxe5 Qg5 25. Bd4 Rf7 26. Qg3
Raf8 27. Rh4 Qf5 28. Rxg4 Qxg4 29. Qe5 Rf6 30. Nc3 Bc6 31. Nxd5 1-0

[Event "FIDE World Cup 2021"]
[Site "Krasnaya Polyana (Sochi) RUS"]
[Date "2021.07.15"]
[EventDate "2021.07.12"]
[Round "2.1"]
[Result "1/2-1/2"]
[White "Jeffery Xiong"]
[Black "Victor Mikhalevski"]
[WhiteElo "2709"]
[BlackElo "2579"]
[PlyCount "62"]

1. c4 Nf6 2. Nc3 e5 3. e3 Bb4 4. Nge2 O-O 5. a3 Be7 6. b3 c6 7. d4 exd4 8.
Nxd4 d5 9. Bb2 c5 10. Nf3 Be6 11. Qc2 Qa5 12. O-O-O Rd8 13. Ng5 d4 14. Nce4
h6 15. Nxe6 fxe6 16. Bd3 Nc6 17. Rhe1 Rd7 18. Nd2 Ng4 19. Nf3 Bf6 20. h3
Nge5 21. Be4 Rad8 22. Nxe5 Bxe5 23. Re2 dxe3 24. Rxd7 Rxd7 25. fxe3 Rf7 26.
Bxe5 Nxe5 27. Kb2 Qc7 28. Ka2 b6 29. Rf2 Rxf2 30. Qxf2 Qd6 31. Qe2 1/2-1/2

[Event "FIDE World Cup 2021"]
[Site "Krasnaya Polyana (Sochi) RUS"]
[Date "2021.07.15"]
[EventDate "2021.07.12"]
[Round "2.1"]
[Result "0-1"]
[White "P Iniyan"]
[Black "Evgeny Tomashevsky"]
[WhiteElo "2506"]
[BlackElo "2706"]
[PlyCount "110"]

1. e4 e5 2. Nf3 Nc6 3. Bb5 Nf6 4. O-O Nxe4 5. d4 Nd6 6. Ba4 exd4 7. c3 Be7
8. cxd4 O-O 9. Nc3 b5 10. Bc2 Nb4 11. Bb1 Bb7 12. Re1 Nd5 13. Nxd5 Bxd5 14.
Ne5 f5 15. a4 c6 16. Ba2 Nc4 17. axb5 cxb5 18. Nxc4 bxc4 19. Re5 Bf7 20. d5
Bf6 21. Re2 Qa5 22. Rc2 Rac8 23. d6 Rc6 24. Bf4 Qb4 25. Qc1 Rb8 26. Bd2 Qb5
27. Bc3 Bxc3 28. bxc3 Qc5 29. Qf4 Qxd6 30. Qe3 Qc5 31. Qf4 Qd6 32. Qe3 Qc5
33. Qf4 Re8 34. h3 Qe5 35. Qc1 g6 36. Rd2 Rd6 37. Rxd6 Qxd6 38. Bb1 Qe5 39.
Ba2 a5 40. Qd2 Qd5 41. Qxd5 Bxd5 42. Rd1 Bf7 43. Kf1 Rb8 44. Rd2 Kf8 45.
Ke2 Ke7 46. h4 a4 47. Ke3 a3 48. Kd4 Rb5 49. Ke3 Re5+ 50. Kf4 Re4+ 51. Kg3
Be6 52. f3 f4+ 53. Kf2 Re3 54. Rc2 Bf5 55. Rc1 Bd3 0-1

[Event "FIDE World Cup 2021"]
[Site "Krasnaya Polyana (Sochi) RUS"]
[Date "2021.07.15"]
[EventDate "2021.07.12"]
[Round "2.1"]
[Result "1-0"]
[White "Yangyi Yu"]
[Black "Denis Kadric"]
[WhiteElo "2705"]
[BlackElo "2564"]
[PlyCount "62"]

1. c4 e5 2. g3 d6 3. Nc3 Be7 4. Bg2 f5 5. Nf3 Nf6 6. O-O O-O 7. b4 Kh8 8.
d3 c6 9. b5 c5 10. a4 a5 11. e3 Nbd7 12. Bb2 Nb6 13. Nd2 Qc7 14. Qc2 Be6
15. Rae1 Rad8 16. f4 exf4 17. exf4 Bg8 18. Nb3 Nc8 19. Re2 d5 20. Nxd5 Nxd5
21. cxd5 Bxd5 22. Bxd5 Rxd5 23. Nd4 Qd7 24. Ne6 Rf6 25. Rfe1 Kg8 26. Bxf6
Bxf6 27. Qa2 Nb6 28. Ng5 Bxg5 29. fxg5 Kf8 30. Re6 Rd6 31. Re8+ 1-0

[Event "FIDE World Cup 2021"]
[Site "Krasnaya Polyana (Sochi) RUS"]
[Date "2021.07.15"]
[EventDate "2021.07.12"]
[Round "2.1"]
[Result "1/2-1/2"]
[White "Volodar Murzin"]
[Black "Vladislav Artemiev"]
[WhiteElo "2502"]
[BlackElo "2704"]
[PlyCount "80"]

1. e4 c6 2. d4 d5 3. exd5 cxd5 4. c4 Nf6 5. Nc3 e6 6. Nf3 Bb4 7. cxd5 Nxd5
8. Bd2 Bd7 9. Bd3 Bc6 10. O-O Nd7 11. Re1 Be7 12. Rc1 O-O 13. Bb1 Rc8 14.
Qe2 Nxc3 15. Rxc3 Bd5 16. Rxc8 Qxc8 17. Rc1 Qb8 18. Rc3 Rc8 19. Ne5 Nxe5
20. dxe5 g6 21. Rxc8+ Qxc8 22. Qe3 b6 23. Qc3 Qa6 24. a3 Qe2 25. Bd3 Qg4
26. Bf1 Bc5 27. Be3 Bxe3 28. Qxe3 Qd1 29. Qc3 Kg7 30. f3 Qa4 31. Qb4 Qd7
32. Kf2 Bc6 33. Be2 Qd5 34. Qc4 Qd7 35. Qb4 Qd8 36. h4 a5 37. Qf4 h6 38. g3
Bb7 39. Qe3 Qc7 40. Qc3 Qd8 1/2-1/2

[Event "FIDE World Cup 2021"]
[Site "Krasnaya Polyana (Sochi) RUS"]
[Date "2021.07.15"]
[EventDate "2021.07.12"]
[Round "2.1"]
[Result "1-0"]
[White "Bassem Amin"]
[Black "Hovhannes Gabuzyan"]
[WhiteElo "2703"]
[BlackElo "2587"]
[PlyCount "78"]

1. Nf3 c5 2. g3 g6 3. Bg2 Bg7 4. c4 Nc6 5. Nc3 e5 6. a3 d6 7. O-O a5 8. d3
Nge7 9. Rb1 O-O 10. Bg5 f6 11. Be3 Be6 12. Ne1 b6 13. Nd5 Bxd5 14. cxd5 Nd4
15. a4 b5 16. axb5 Nxb5 17. Nc2 Nc7 18. Na3 Kh8 19. Qb3 Qd7 20. Bd2 Rfb8
21. Qc4 a4 22. b3 h5 23. bxa4 Rxb1 24. Rxb1 Rxa4 25. Qb3 Ra6 26. e4 Kh7 27.
Nc4 Nc8 28. Ba5 Ra7 29. h4 g5 30. Kh2 Bh6 31. Bh3 g4 32. Bg2 Na6 33. f3 Nc7
34. fxg4 hxg4 35. Rf1 Rb7 36. Qd1 Kg7 37. Rf2 Kf7 38. Bf1 Ne7 39. Be2 1-0